Luas Stops - Statistics

General Stats
  • This quiz has been taken 87 times
  • The average score is 36 of 67
Answer Stats
Stop % Correct
Dawson
84%
Tallaght
84%
Connolly
82%
Dundrum
82%
Abbey Street
79%
Heuston
79%
Museum
76%
Trinity
76%
Jervis
74%
The Point
74%
Brides Glen
71%
St. Stephen's Green
71%
Balally
68%
Broombridge
68%
Four Courts
68%
Sandyford
68%
Westmoreland
68%
Windy Arbour
68%
Busáras
66%
Ranelagh
66%
Red Cow
66%
Stillorgan
66%
Milltown
63%
Parnell
63%
Smithfield
63%
Charlemont
61%
Cherrywood
61%
Harcourt
61%
O'Connell - GPO
61%
Blackhorse
58%
O'Connell Upper
58%
Saggart
58%
Bluebell
55%
Cabra
55%
Kilmacud
53%
Cowper
50%
Fatima
50%
Hospital
50%
James's
50%
Beechwood
47%
Carrickmines
47%
Kylemore
47%
Marlborough
47%
Rialto
47%
Broadstone - DIT
45%
Citywest Campus
45%
Dominick
45%
Spencer Dock
45%
Central Park
42%
George's Dock
42%
Goldenbridge
42%
Phibsborough
42%
Belgard
39%
Grangegorman
39%
Mayor Square - NCI
39%
Suir Road
39%
The Gallops
39%
Ballyogan Wood
37%
Drimnagh
37%
Glencairn
37%
Leopardstown Valley
32%
Cookstown
26%
Fettercairn
26%
Fortunestown
24%
Laughanstown
24%
Cheeverstown
21%
Kingswood
21%
No matching quizzes found
Score Distribution
Percent of People with Each Score
Percentile by Number Answered
Your Score History
You have not taken this quiz